000 01109nam a2200289Ia 4500
003 OSt
005 20221005070124.0
006 a|||||r|||| 00| 0
007 ta
008 221004b |||||||| |||| 00| 0 eng d
020 _a8170392136
_c800
024 _a81852
037 _b581, 30/03/2005, Eastern Book Linkers
_cTextual
040 _aCRL
_cCRL
_beng
041 _2eng
_aeng
082 _aQ4p2,N95, N6
110 _aMumbai, K. J. Somaiya Centre of Buddhist Studies
_9605334
111 _aInternational Seminar on buddhism (Marc-0, 1 : Bombay India)
_9605335
245 0 _aBuddhism in India and abroad
_b An integrating influence in Vedic and Post-Vedic perspective edited by Kalpakam Sankarnarayan; Motohiro Yoritomi and Shubhada A. Joshi
260 _aMumbai
_bSomaiya Publications Pvt. Ltd. India
_c1996
300 _a372p. Plates and figures
_ccm.
650 _a RELIGION
650 _aBUDDHISM
700 _aMumbai, K. J. Somaiya Centre of Buddhist Studies
_9605336
942 _hQ4p2,N95, N6
_cTEXL
_2cc
999 _c975703
_d975703